000 01075pam a2200301 a 4500
001 3431458
003 OSt
005 20170518103419.0
008 910131s1992 nyu b 001 0 eng
010 _a 91008366
020 _a1560241187 (pbk. : acidfree paper)
020 _a1560241179 (hardback : acidfree paper)
040 _aMMU
_cMMU
_dMMU
_bENG
050 0 0 _aHQ755.8
_b.A47 1991
082 0 0 _a306.874
_220
100 1 _aAmbert, Anne-Marie,
_d1940-
245 1 4 _aThe effect of children on parents /
_cAnne-Marie Ambert.
260 _aNew York :
_bHaworth Press,
_cc1992.
300 _axiv, 308 p. ;
_c22 cm.
490 1 _aHaworth marriage & the family
504 _aIncludes bibliographical references (p. 253-290) and indexes.
650 0 _aParenthood
_xPsychological aspects.
650 0 _aParent and child.
830 0 _aHaworth marriage and the family.
906 _a7
_bcbc
_corignew
_d1
_eocip
_f19
_gy-gencatlg
942 _2lcc
_cLOAN LOAN
999 _c24676
_d24676